| 000 | 01909 a2200229 4500 | ||
|---|---|---|---|
| 001 | 42635 | ||
| 005 | 20260407155714.0 | ||
| 008 | 260407a2017 arg spa d | ||
| 003 | AR-UNSa-BCEJYS | ||
| 040 |
_aAR-UNSa-BCEJYS _bspa _cAR-UNSa-BCEJYS |
||
| 080 |
_a343.13 _xProcedimiento penal. Derecho procesal penal |
||
| 245 | 1 | 0 |
_aDerecho Penal y Procesal penal _pnuevos escenarios |
| 020 | _a978-987-4405-02-9 | ||
| 264 | 1 |
_aBuenos Aires : _bErreius _c2017 |
|
| 300 |
_a111 p. _c26 cm. |
||
| 505 | _a1. Evolución del delito de trata de personas en la legislación nacional / Roberto Godoy Lemos - Inda Browarnik - 2. ¿Debe modificarse el régimen de libertad condicional en la Argentina? El divorcio entre la realidad y el discurso; la hipocresía del tero, gritar en un lugar y poner los huevos en otro / Lucas Grenni - 3. Régimen penal juvenil: algunas reflexiones sobre su posible reforma / Ricardo A. Grisetti- David M. Meriles - 4. Acerca de la decalración de la Cámara Federal de Apelaciones de La Plata de la imprescriptibilidad de los actos que impliquen corrupción / Nadia Komarofky - 5. La naturaleza punitiva de la expulsión de extranjeros / Mariano R. La Rosa - 6. El protocolo de actuación de las fuerzas de seguridad del Estado en manifestaciones públicas, desde un análisis jurídico / María P. Livio- Germán Blanco - 7. La Corte Suprema bajo fuego: comentario al fallo "Recurso de hecho deducido por la defensa de Luis Muiña en la causa `Bignone, Reynaldo Benito antonio y otro s/recurso extraordinario´" - 8. Violencia de género y derecho penal en el siglo XXI / José L. Puricelli - 9. La acción penal y su extinción / Adrián R. Tellas - | ||
| 041 | _aspa | ||
| 942 | _cBK | ||
| 590 | _aniveau_biblio:m niveau_hierar:0 | ||
| 100 | 1 | _aRomero Villanueva, Horacio J. | |
| 856 | 4 | 1 |
_uhttps://biblioeco.unsa.edu.ar/pmb/images/libros/E00063.jpg _yImagen de portada _qimage/jpeg |
| 999 |
_c3630 _d3630 |
||